Welcome to CU Library Online Public Access Catalogue (OPAC)

Cost management : (Record no. 2833)

MARC details
000 -LEADER
fixed length control field 00751cam a2200241 a 4500
001 - CONTROL NUMBER
control field 4522623
005 - DATE AND TIME OF LATEST TRANSACTION
control field 20250122165556.0
008 - FIXED-LENGTH DATA ELEMENTS--GENERAL INFORMATION
fixed length control field 990526s2000 ohua b 001 0 eng
020 ## - INTERNATIONAL STANDARD BOOK NUMBER
International Standard Book Number 0324002327 (alk. paper)
020 ## - INTERNATIONAL STANDARD BOOK NUMBER
International Standard Book Number 9780324002324
050 00 - LIBRARY OF CONGRESS CALL NUMBER
Classification number HF5686.C8
Item number H239 2000
082 00 - DEWEY DECIMAL CLASSIFICATION NUMBER
Classification number 658.15/52
Edition information 21
100 1# - MAIN ENTRY--PERSONAL NAME
Personal name Hansen, Don R.
245 10 - TITLE STATEMENT
Title Cost management :
Remainder of title accounting and control /
Statement of responsibility, etc. Don R. Hansen, Maryanne M. Mowen.
250 ## - EDITION STATEMENT
Edition statement 3rd ed.
260 ## - PUBLICATION, DISTRIBUTION, ETC.
Place of publication, distribution, etc. Cincinnati, Ohio :
Name of publisher, distributor, etc. South-Western College Pub.,
Date of publication, distribution, etc. c2000.
300 ## - PHYSICAL DESCRIPTION
Extent xxiii, 952 p. :
Other physical details col. ill. ;
Dimensions 29 cm.
650 #0 - SUBJECT ADDED ENTRY--TOPICAL TERM
Topical term or geographic name entry element Cost accounting.
650 #0 - SUBJECT ADDED ENTRY--TOPICAL TERM
Topical term or geographic name entry element Activity-based costing.
650 #0 - SUBJECT ADDED ENTRY--TOPICAL TERM
Topical term or geographic name entry element Managerial accounting.
700 1# - ADDED ENTRY--PERSONAL NAME
Personal name Mowen, Maryanne M.
942 ## - ADDED ENTRY ELEMENTS (KOHA)
Source of classification or shelving scheme Library of Congress Classification
Koha item type Books
Edition 3rd Ed.
Suppress in OPAC No
999 ## -
-- 2833
-- 2833
Holdings
Withdrawn status Lost status Source of classification or shelving scheme Damaged status Not for loan Collection Home library Current library Shelving location Date acquired Total checkouts Full call number Barcode Date last seen Copy number Price effective from Koha item type
    Library of Congress Classification     Non-fiction Business Library (Miotso) Business Library (Miotso) General stacks 01/22/2025   HF5686.C8 H239 2000 BSSM00000554 01/22/2025 1 01/22/2025 Books
© 2023-2024 Copyright: Central University Libraries. All Rights Reserved | Created by: Mahone Tech Office